Eight Harvard Poets (Record no. 265763)
[ view plain ]
| 000 -LEADER | |
|---|---|
| fixed length control field | 01038cam a22003253a 4500 |
| 001 - CONTROL NUMBER | |
| control field | 36508 |
| 003 - CONTROL NUMBER IDENTIFIER | |
| control field | PGUSA |
| 005 - DATE AND TIME OF LATEST TRANSACTION | |
| control field | 20140828083805.0 |
| 008 - FIXED-LENGTH DATA ELEMENTS--GENERAL INFORMATION | |
| fixed length control field | 110624s2011||||xxu|||||s|||||000 p eng d |
| 040 ## - CATALOGING SOURCE | |
| Original cataloging agency | PGUSA |
| Language of cataloging | eng |
| 042 ## - AUTHENTICATION CODE | |
| Authentication code | dc |
| 050 #4 - LIBRARY OF CONGRESS CALL NUMBER | |
| Classification number | PN |
| 245 10 - TITLE STATEMENT | |
| Title | Eight Harvard Poets |
| Medium | [electronic resource] |
| 260 ## - PUBLICATION, DISTRIBUTION, ETC. (IMPRINT) | |
| Name of publisher, distributor, etc | Project Gutenberg, |
| Date of publication, distribution, etc | 2011 |
| 506 ## - RESTRICTIONS ON ACCESS NOTE | |
| Terms governing access | Public domain in the USA. |
| 516 ## - TYPE OF COMPUTER FILE OR DATA NOTE | |
| Type of computer file or data note | Electronic text |
| 653 ## - INDEX TERM--UNCONTROLLED | |
| Uncontrolled term | College verse, American -- Massachusetts -- Cambridge |
| 653 ## - INDEX TERM--UNCONTROLLED | |
| Uncontrolled term | American poetry -- 20th century |
| 700 1# - ADDED ENTRY--PERSONAL NAME | |
| Personal name | Poore, Dudley, |
| Dates associated with a name | 1893-1982 |
| 700 1# - ADDED ENTRY--PERSONAL NAME | |
| Personal name | Norris, William A., |
| Dates associated with a name | 1896-1964 |
| 700 1# - ADDED ENTRY--PERSONAL NAME | |
| Personal name | Dos Passos, John, |
| Dates associated with a name | 1896-1970 |
| 700 1# - ADDED ENTRY--PERSONAL NAME | |
| Personal name | Hillyer, Robert, |
| Dates associated with a name | 1895-1961 |
| 700 1# - ADDED ENTRY--PERSONAL NAME | |
| Personal name | Wright, Cuthbert, |
| Dates associated with a name | 1891-1948 |
| 700 1# - ADDED ENTRY--PERSONAL NAME | |
| Personal name | Damon, S. Foster |
| Fuller form of name | (Samuel Foster), |
| Dates associated with a name | 1893-1971 |
| 700 1# - ADDED ENTRY--PERSONAL NAME | |
| Personal name | Mitchell, Stewart, |
| Dates associated with a name | 1892-1957 |
| 700 1# - ADDED ENTRY--PERSONAL NAME | |
| Personal name | Cummings, E. E. |
| Fuller form of name | (Edward Estlin), |
| Dates associated with a name | 1894-1962 |
| 830 #0 - SERIES ADDED ENTRY--UNIFORM TITLE | |
| Uniform title | Project Gutenberg |
| Volume number/sequential designation | 36508 |
| 856 40 - ELECTRONIC LOCATION AND ACCESS | |
| Uniform Resource Identifier | <a href="http://www.gutenberg.org/ebooks/36508">http://www.gutenberg.org/ebooks/36508</a> |
| 942 ## - ADDED ENTRY ELEMENTS (KOHA) | |
| Koha item type | eBooks |
| Withdrawn status | Lost status | Damaged status | Home library | Current library | Date acquired | Total Checkouts | Date last seen | Price effective from | Koha item type |
|---|---|---|---|---|---|---|---|---|---|
| Project Gutenberg | Project Gutenberg | 08/28/2014 | 08/28/2014 | 08/28/2014 | eBooks |